Normale Ansicht MARC-Ansicht ISBD

Der Nationalsozialismus (Titelsatznr. 23041)

[ MARC ]
MARC-Details
000 -Satzkennung
Kontrollfeld mit fester Länge 00621nam a22002051cc4500
001 - Kontrollnummer
Kontrollfeld a987691284+Band1
035 ## - Systemkontrollnummer
System-Kontrollnummer a987691284
008 - Feld mit fester Länge zur physischen Beschreibung - Allgemeine Angaben
Kontrollfeld mit fester Länge 190215s1994 gw a||| 000u ger d
041 ## - Sprachcode
Sprachcode des Textes/der Tonspur oder des separaten Titels ger
040 ## - Katalogisierungsquelle
Übertragungsstelle RU-10907106
003 - Kontrollnummer Identifier
Kontrollfeld RU-10907106
245 04 - Titel
Titel Der Nationalsozialismus
Zählung des Teils/der Abteilung eines Werkes Band 1
Titel eines Teils/einer Abteilung eines Werkes Machtergreifung und Machtsicherung : 1933-1935
250 ## - Ausgabebezeichnung
Ausgabebezeichnung 3. Aufl
264 ## - Produktion, Veröffentlichung, Distribution, Herstellung und Urheberrechtsvermerk
Herstellungs-, Veröffentlichungs- Vertriebs-, Erzeugungsort München,
Datum der Herstellung, der Veröffentlichung, des Vertriebs oder des Urheberschutzvermerks 1994
246 12 - Titelvarianten
Hauptsachtitel/Kurztitel Der Nationalsozialismus. Machtergreifung und Machtsicherung : 1933-1935
Zählung des Teils/der Abteilung eines Werkes Band 1
300 ## - Physische Beschreibung
Umfang 355 S. : Ill
700 1# - Nebeneintragung - Personenname
Personenname Hampel, Johannes
Funktionsbezeichnung HerausgeberIn
Koha-Normdatenidentnummer 16616
773 08 - Übergeordnete Einheit
Datensatzkontrollnummer a987691284
Zählung und erste Seite Band1
942 ## - Zusätzliche Felder (Koha)
Koha-Medientyp Monographien
Exemplare
Ausgeschieden Verloren Klassifikation oder Aufstellungssystematik Beschädigt Nicht entleihbar Heimatbibliothek Aufenthaltsbibliothek Aufstellungsort Erwerbungsdatum Inventarnummer Signatur Barcode Letzte Aktivität Preis gültig von Koha-Medientyp
    Andere/Generische Klassifikation     MWN Osteuropa MWN Osteuropa Lesesaal - 1 15/02/2019 05-09198 D 52 ac 101 (1) E00401506CBDBAFA 22/02/2021 22/03/2021 Monographien